000 00813nam a22002897a 4500
001 BR7500770
003 BR-BrBNA
005 20230928084727.0
007 ta
008 230509b bl.||||| |||| 00| 0 por d
040 _aBR-BrBNA
_bpor
_cBiblioteca Nacional de Agricultura
041 _a(Por)
072 _aF10
_b/G514
090 _ F10 BR7500770
100 1 _aSerra, A.
110 1 _aConselho Nacional de Pesquisas, Rio de Janeiro, RJ (Brasil)
_92696
245 1 _aClimatologia do Brasil. Umidade, Nebulosidade, Pressao, Fenomenos
_bno. 5
260 3 _aRio de Janeiro, RJ (Brasil):
_c1975.
300 _a22 p.
650 _aCLIMATOLOGIA
650 _aMETEOROLOGIA
650 _aCLIMA
650 _aUMIDADE
650 _aPRESSAO ATMOSFERICA
909 _a202309
_bLucia
_c55
_dLucia Elande
942 _cBK
999 _c20737
_d20737